000 00668nam a2200205Ia 4500
008 170504s9999 xx 000 0 und d
050 _aHD 30.28
050 _b.Al366 2016
100 _aAlecha, Argeo Jr B.
245 2 _aA tourism Development plan to promote Pansol, Laguna as a wellness center /
245 _cArgeo B. Alecha Jr, Patricia Betina S. Bravo, Karl Kimberlette P. Nacario, Cristian Ira O. Sabanal.
260 _aLas PiƱas, Philippines :
260 _bSISC,
260 _c2016.
300 _a78 pages :
300 _billustrations ;
300 _c28 cm.
500 _aIncludes bibliographical references and appendices.
521 _aTourism
999 _c329729
_d329729